Sports Quiz

Random Sports or Clickable Quiz

MLB - Fishy Business Quiz Stats

 Plays Quiz not verified by Sporcle

Score 0/12 Timer 05:00
0 Plays Today
% Correct
Mike Trout
94.8%
Catfish Hunter
91.9%
Tim Salmon
91.1%
Mike Carp
87.6%
A.J. Pollock
86.1%
Jack Fisher
82%
Johnny Ray
77.1%
Dick Bass
70.6%
Bobby Sturgeon
67.6%
Dick Pole
65.1%
Art Herring
61.2%
Marlin Stuart
43.5%

You're not logged in!

Compare scores with friends on all Sporcle quizzes.
OR
Log In

Show Comments

Extras

Top Quizzes Today


Score Distribution

Your Account Isn't Verified!

In order to create a playlist on Sporcle, you need to verify the email address you used during registration. Go to your Sporcle Settings to finish the process.

Report this User

Report this user for behavior that violates our Community Guidelines.

Details: